| 000 | 00600ntaaa2200193 4500 | ||
|---|---|---|---|
| 003 | 01 | ||
| 005 | 20251027203351.0 | ||
| 008 | 0714s1973 ag 01 | ||
| 020 | _a9879186354 | ||
| 040 |
_aAR-BaBN _bspa _cAR-BaBN _eaacr _dRIC |
||
| 100 |
_aRimbaud, Arthur _9130 |
||
| 245 |
_aUna temporada en el infierno / _cArthur Rimbaud, traducido por Omar Oilhaborda |
||
| 260 |
_aBuenos Aires : _bNeed, _c1998 |
||
| 300 |
_a86 p. ; _c20 cm. |
||
| 500 | _aTítulo original: Une saison en enfer | ||
| 500 | _aDonación de Tomás J. M. Mackey, 2021 | ||
| 700 |
_aOilhaborda, Omar _etraductor _937747 |
||
| 942 | _cBK | ||
| 999 |
_c29228 _d29228 |
||